| 000 | 03110nam a2200325 a 4500 | ||
|---|---|---|---|
| 001 | 000592658 | ||
| 003 | AM-YEHGA | ||
| 005 | 20250617164400.0 | ||
| 008 | 080724s1964 ||||||||r|||||000|0|rus|d | ||
| 040 | _aAM-YeHGA | ||
| 041 | 0 | _arus | |
| 245 | 0 | 0 |
_aИтоги науки и техники. Серия Фармакология. Химиотерапевтические средства / _cВсесоюзный институт научной и технической информации. |
| 260 |
_aМосква : _b[Б. и.], _c1964. |
||
| 300 |
_aТом ; _c23 см. |
||
| 504 | _aСписок лит. в конце ст. | ||
| 505 | 0 |
_gТ. 8 (1976, 100 с.) _tПротивотуберкулезные средства / _rНауч. ред. А.И. Ершов, Г.А. Степанский _gТ. 9 (1977, 136 с.) _tДоклиническое и клиническое испытание лекарственных средств / _rНауч. ред. Г.А. Степанский _gТ. 10 (1978, 132 с.) _tАнтибиотики / _rС.М. Навашин, В.Н. Соловьев, В.В. Бережинская и др. _gТ. 11 (1979, 115 с.) _tВопросы психофармакологии / _rНауч. ред. К.С. Раевский, Г.А. Степанский _gТ. 12 (1981, 108 с.) _tКлинические испытания лекарственных средств _gТ. 13 (1982, 204 с.) _tОпиоидные пептиды и их рецепторы / _rПод ред. И.П. Ашмарина _gТ. 14 (1984, 228 с.) _tПроблемы фармакокинетики _gТ.15 (1987, 240 с.) _tМолекулярные механизмы действия психотропных препаратов / _rПод ред. С.Б. Середенина _gТ. 16 (1987, 187 с.) _tКлиническая фармакология лекарственных средств, применяемых в кардиологии / _gТ. 17 (1989, 226 с.) _tФармакокинетические подходы к оптимизации антибиотикотерапии / _rНауч. ред.: Д.А. Еникеева, А.В. Михалев _gТ. 20 (1992, 204 с., рис., табл. ) _tАнтибактериальная химиотерапия в неинфекционной клинике : Новые бета-лактамы, монобактамы и хинолоны _rВ.П. Яковлев; Науч. ред. В.Р. Цулая |
|
| 650 | 1 | 4 | _aФармакология |
| 650 | 1 | 4 | _aФармацевтические препараты |
| 650 | 1 | 4 | _aАнтибиотики |
| 700 | 1 |
_aЕршов, А.И. _eред. _4edt |
|
| 700 | 1 |
_aСтепанский, Г.А. _eред. _4edt |
|
| 700 | 1 | _aНавашин, С.М. | |
| 700 | 1 | _aСоловьев, В.Н. | |
| 700 | 1 | _aБережинская, В.В. | |
| 700 | 1 |
_aРаевский, К.С. _eред. _4edt |
|
| 700 | 1 |
_aАшмарин, И.П. _eред. _4edt |
|
| 700 | 1 |
_aСереденин, С.Б. _eред. _4edt |
|
| 710 | 2 | _aВсесоюзный институт научной и технической информации | |
| 090 | _c526292 | ||
| 999 |
_c522693 _d522693 |
||